| Tag |
First Indicator |
Second Indicator |
Subfields |
| LEADER |
00000cam a2200000 a 4500 |
| 001 |
in00000028195 |
| 005 |
20151007060022.0 |
| 008 |
880512s1988 mau b 00110 eng d |
| 010 |
|
|
|a 87080688
|
| 020 |
|
|
|a 0916458164
|
| 035 |
|
|
|a (OCoLC)17941459
|
| 035 |
|
|
|9 AAB9889AM
|
| 040 |
|
|
|a HLS
|c HLS
|d TXA
|d UtOrBLW
|
| 043 |
|
|
|a e-ur-un
|
| 049 |
|
|
|a TXAM
|c [A11532643]
|
| 050 |
|
4 |
|a PG34.P64
|b F59 1988
|
| 100 |
1 |
|
|a Fizer, John.
|
| 245 |
1 |
0 |
|a Alexander A. Potebnja's psycholinguistic theory of literature :
|b a metacritical inquiry /
|c John Fizer.
|
| 264 |
|
2 |
|a Cambridge, Mass. :
|b Distributed by Harvard University Press for the Harvard Ukrainian Research Institute,
|c [1988]
|
| 300 |
|
|
|a viii, 164 pages ;
|c 24 cm.
|
| 336 |
|
|
|a text
|b txt
|2 rdacontent
|
| 337 |
|
|
|a unmediated
|b n
|2 rdamedia
|
| 338 |
|
|
|a volume
|b nc
|2 rdacarrier
|
| 490 |
1 |
|
|a Harvard Ukrainian Research Institute monograph series
|
| 504 |
|
|
|a Bibliography: pages [141]-160.
|
| 500 |
|
|
|a Includes index.
|
| 600 |
1 |
0 |
|a Potebni︠a︡, Aleksandr Afanasʹevich,
|d 1835-1891.
|
| 650 |
|
0 |
|a Psycholinguistics
|z Ukraine.
|
| 650 |
|
0 |
|a Literature
|x History and criticism.
|
| 830 |
|
0 |
|a Monograph series (Harvard Ukrainian Research Institute)
|
| 999 |
|
|
|a MARS
|
| 999 |
f |
f |
|s e23d9a3e-b824-3129-a59c-a3e81036131d
|i 3be5b54f-52a6-3884-b037-3664e3ffebae
|t 0
|
| 952 |
f |
f |
|p ric
|a Texas A&M University
|b Rellis Campus
|c Joint Library Facility
|s JLF
|d Remote Storage
|t 0
|e PG34.P64 f59 1988
|h Library of Congress classification
|i unmediated -- volume
|m A14811532643
|
| 998 |
f |
f |
|a PG34.P64 f59 1988
|t 0
|l Remote Storage
|